000 00510nam a2200205Ia 4500
008 170918s9999 xx 000 0 und d
020 _a9780590681445
050 _bT656 2002
100 _aTomecek, Stephen
245 _aWhat a great idea! :
245 _binventions that changed the world /
245 _cby Stephen Tomecek.
260 _aNew York :
260 _bScholastic,
260 _c2002
300 _a112 pages :
300 _bcolored illustration ;
300 _c26cm.
500 _a1250
999 _c343047
_d343047